Culture Générale - Série 521 - Statistiques

Statistiques générales
  • Ce quiz a été pris 212 fois
  • Le résultat moyen est 6 sur 10
Statistiques - réponses
Question Réponse % Correct
Quelle planète, distante de 150 millions de kilomètres du Soleil, surnomme-t-on "la planète bleue" ? La Terre
95%
Qu'est-ce qu'un altocumulus ? nuage
91%
Quelle ville accueille le siège de l'Organisation des Nations unies ? New York
80%
Quels élus siègent au palais du Luxembourg à Paris ? sénateurs
78%
Quelle tête est représentée sur les faces nationales des pièces françaises de 1 à 5 centimes d'euro ? Marianne
69%
Quelle actrice française, prénommé Clotilde, est devenue princesse de Savoie en 2003 ? Clotilde Courau
52%
Quel est le nom du site de lancement des fusées russes situé au Kazakhstan ? Baïkonour
47%
Complétez ce slogan du début des années 1990 : "La Sécu, c'est bien ! En abuser... ça craint
22%
Quel nom donne-t-on à tout équipier à bord d'un bobsleigh ? Bobeur
13%
Que signifie le mot espagnol "alcatraz" en référence au pénitencier du même nom ? pélican
8%
Aucun quiz correspondant
Distribution des résultats
% des personnes avec chaque résultat
Percentile par nombre de réponses
Votre historique - résultats
Vous n’avez pas pris ce quiz